| 000 | 01045cab a2200253 4500 | ||
|---|---|---|---|
| 001 | ABS56870 | ||
| 008 | 090401t1997 xxu||||| |||| 00| 0 eng d | ||
| 035 | _a(Sirsi) u77981 | ||
| 041 | _aeng | ||
| 245 | _aBarrett and others v Morgan | ||
| 260 | _c1997 | ||
| 350 | _a0 | ||
| 490 |
_aEstates Gazette _v[1997] 12 EG 155-159(5) |
||
| 520 | _aChD 27 September 1996. B held severed freehold of land subject to yearly agricultural tenancy granted by a headlease. By an agreement in form of partnership arrangement M farmed the land. In April 1992, notice to quit served on remaining tenants holding headlease. tenants claimed protection of Agricultural Holdings Act 1986. B claimed possession of land against M. Claim dismissed. | ||
| 650 | _aAGRICULTURAL HOLDINGS ACT 1986 | ||
| 650 | _aAGRICULTURAL TENANCY | ||
| 650 | _aBARRETT AND OTHERS V MORGAN | ||
| 650 | _aHEADLEASE | ||
| 650 | _aNOTICE TO QUIT | ||
| 650 | _aPOSSESSION | ||
| 690 | _aLANDLORD AND TENANT-CASE LAW-AGRICULTURAL TENANCIES | ||
| 942 | _n0 | ||
| 948 | _c28/04/1997 | ||
| 999 |
_c49050 _d49050 |
||